Mega-Projects : The Changing Politics of Urban Public Investment

Bibliographic Details
Main Author: Altshuler, Alan
Format: Book
Published: Washington,D.C : Brooking Institution Press , c2003
Subjects:

MARC

LEADER 00000cam a2200000 7i4500
001 0000051935
005 20010101.0
008 010101s2003
020 |a 0815701292 
090 0 0 |a R 307.14160973 ALT 
100 1 |a Altshuler, Alan 
245 1 0 |a Mega-Projects :   |b The Changing Politics of Urban Public Investment   |c Alan Altshuler and David Luberoff 
260 |a Washington,D.C :   |b Brooking Institution Press ,   |c c2003 
300 |a ix,339p. ;   |c 23cm. 
650 0 0 |a Community Develpoment,Urban United States 
999 |a 251732   |b Buku   |c Rak Terbuka   |e Perbadanan Perpustakaan Awam Melaka